| 000 | 00445nam a2200181Ia 4500 | ||
|---|---|---|---|
| 008 | 131103s9999 xx 000 0 und d | ||
| 040 | _aLoreto College | ||
| 041 | _aEnglish | ||
| 082 |
_aREF _bLCBED/11663 |
||
| 100 | _aWood, Tim | ||
| 245 | 4 |
_aThe renaissance _cTim Wood |
|
| 260 |
_aLondon _bHamlyn _c1993 |
||
| 300 |
_a48p. _b ill., pic. _c 24cm. |
||
| 504 | _aIncludes index | ||
| 650 | _aRefarence | ||
| 850 | _aLCBED/REF | ||
| 942 | _cBK | ||
| 999 |
_c31642 _d82121 |
||